LEADER 00924nam0-22003131i-450- 001 990007945920403321 005 20041110132807.0 035 $a000794592 035 $aFED01000794592 035 $a(Aleph)000794592FED01 035 $a000794592 100 $a20041110d1992----km-y0itay50------ba 101 0 $aita 102 $aIT 105 $aa-------001yy 200 1 $aPartitura, solfeggio, movimento$enote di esecuzione di scrittura$fGraziella Tonfoni 210 $aTreviso$cPagus$d1992 215 $a85 p.$cill.$d21 x 30 cm 225 1 $aPedagogia informatica$iInformatica e processi cognitivi 610 0 $aScrittura$aElaborazione elettronica 676 $a006.42 700 1$aTonfoni,$bGraziella$025868 801 0$aIT$bUNINA$gRICA$2UNIMARC 901 $aBK 912 $a990007945920403321 952 $aCIRASS 53$fCIRAS 959 $aCIRAS 996 $aPartitura, solfeggio, movimento$9749097 997 $aUNINA LEADER 01313nam0 2200313 i 450 001 SUN0007545 005 20071023120000.0 010 $a88-8114-164-7 020 $aIT$b97 303s 100 $a20020826d1995 |0itac50 ba 101 $aita 102 $aIT 105 $a|||| ||||| 200 1 $aˆIl ‰processo di internazionalizzazione del diritto agrario$fPietro Romano Orlando 205 $aNapoli : Edizioni scientifiche italiane$b[1995] 210 $d275 p. ; 24 cm 215 $aNell'occhietto: Università degli studi di Perugia, Facoltà di scienze politiche. 606 $aProdotti agricoli$xCommercio$xAccordi internazionali$2FI$3SUNC004490 620 $dNapoli$3SUNL000005 676 $a341.75471$v21 700 1$aOrlando$b, Pietro R.$3SUNV006244$0730146 712 $aESI$3SUNV000952$4650 790 1$aOrlando, Pietro Romano$zOrlando, Pietro R.$3SUNV073420 801 $aIT$bSOL$c20181109$gRICA 912 $aSUN0007545 950 $aUFFICIO DI BIBLIOTECA DEL DIPARTIMENTO DI GIURISPRUDENZA$d00 CONS III.Ef.2 $e00 7480 995 $aUFFICIO DI BIBLIOTECA DEL DIPARTIMENTO DI GIURISPRUDENZA$h7480$kCONS III.Ef.2$op$qa 996 $aProcesso di internazionalizzazione del diritto agrario$91438667 997 $aUNICAMPANIA